000 00494nam a2200145 a 4500
001 000029142
005 20200930055344.0
008 110413s20uu dr a 000 0 spa d
040 _aDO-SdBNP
_bspa
_cBNPHU
110 1 _aRepública Dominicana
_bDirección General de Aduanas
_bSub-Dirección General de Zonas Francas
_956045
245 1 0 _aEstudio sobre las zonas francas /.
260 _a[Santo Domingo] :
_bDirección General de Aduanas,
_c[200-?].
300 _a177 P. ;
_c28 cm.
049 _aBNPD
999 _c28634
_d28634